000 00666nam a2200205Ia 4500
003 GCL
005 20240530102055.0
008 140319s9999 xx 000 0 ara d
040 _aGCL /
_cGCL
082 0 4 _a813.01
_bع ا
100 1 _aعبدالفتاح رزق
245 1 0 _aالاعمال الكاملة عبدالفتاح رزق /
_cعبدالفتاح رزق
260 _a[S.N] :
_bالهيئة المصرية العامة للكتاب ،
_c1994
300 _a4 مجلدات
650 0 4 _aالادب العربى
650 0 4 _aالقصص العربية
650 0 4 _aالقصص العربية القصيرة
650 0 4 _aالقصص
942 _2ddc
_cBK
999 _c29620
_d29620